Angry animals (Record no. 1740)

MARC details
000 -LEADER
fixed length control field 02547cam a2200661 i 4500
001 - CONTROL NUMBER
control field 1740
003 - CONTROL NUMBER IDENTIFIER
control field FISKH
005 - DATE AND TIME OF LATEST TRANSACTION
control field 20241107104518.0
008 - FIXED-LENGTH DATA ELEMENTS--GENERAL INFORMATION
fixed length control field 150414m20082009enka j 001 0
010 ## - LIBRARY OF CONGRESS CONTROL NUMBER
LC control number 2015301007
040 ## - CATALOGING SOURCE
Original cataloging agency DLC
Language of cataloging eng
Description conventions rda
Transcribing agency DLC
Modifying agency FISKH
042 ## - AUTHENTICATION CODE
Authentication code pcc
050 00 - LIBRARY OF CONGRESS CALL NUMBER
Classification number Q180.2
Item number A76 2009
082 ## - DEWEY DECIMAL CLASSIFICATION NUMBER
Classification number 741.5
100 1# - MAIN ENTRY--PERSONAL NAME
Personal name Arnold, Nick,
Relator term author.
245 10 - TITLE STATEMENT
Title Angry animals
264 #1 - PRODUCTION, PUBLICATION, DISTRIBUTION, MANUFACTURE, AND COPYRIGHT NOTICE
Place of production, publication, distribution, manufacture London :
Name of producer, publisher, distributor, manufacturer Scholastic,
Date of production, publication, distribution, manufacture, or copyright notice 2009.
300 ## - PHYSICAL DESCRIPTION
Extent 20 volumes :
Other physical details illustrations ;
Dimensions 20 cm
336 ## - CONTENT TYPE
Content type term text
Content type code txt
Source rdacontent
337 ## - MEDIA TYPE
Media type term unmediated
Media type code n
Source rdamedia
338 ## - CARRIER TYPE
Carrier type term volume
Carrier type code nc
Source rdacarrier
490 ## - SERIES STATEMENT
Series statement Horrible Science
500 ## - GENERAL NOTE
General note Title, Horrible science, is in each volume and on each side of case and case bottom. Various phrases are on case top and sides, e.g., Bulging box of books, 20 brilliant books in one bulging box, and Science with the squishy bits left in!
500 ## - GENERAL NOTE
General note All volumes by Nick Arnold except for "Evolve or Die" by Phil Gates. All volumes are illustrated by Tony De Saulles.
500 ## - GENERAL NOTE
General note Contents indicated on side of case.
500 ## - GENERAL NOTE
General note Each volume contains own index.
505 0# - FORMATTED CONTENTS NOTE
Formatted contents note Q
520 ## - SUMMARY, ETC.
Summary, etc. Twenty titles from the best-selling series, presented in a bulging boxed set. Features all the best-selling Horrible Science titles from A-Z--well from Blood, Bones and Body Bits to Vicious Veg! --
Assigning source Source other than Library of Congress.
521 8# - TARGET AUDIENCE NOTE
Target audience note 890 <br/>
Source Lexile
521 8# - TARGET AUDIENCE NOTE
Target audience note Q <br/>
Source Raz-Plus
650 #0 - SUBJECT ADDED ENTRY--TOPICAL TERM
Topical term or geographic name entry element Science
Form subdivision Juvenile literature.
650 #0 - SUBJECT ADDED ENTRY--TOPICAL TERM
Topical term or geographic name entry element Science
General subdivision Study and teaching (Primary)
700 1# - ADDED ENTRY--PERSONAL NAME
Personal name De Saulles, Tony,
Relator term illustrator.
700 1# - ADDED ENTRY--PERSONAL NAME
Personal name Gates, Phil,
Relator term author.
740 02 - ADDED ENTRY--UNCONTROLLED RELATED/ANALYTICAL TITLE
Uncontrolled related/analytical title Angry animals.
740 02 - ADDED ENTRY--UNCONTROLLED RELATED/ANALYTICAL TITLE
Uncontrolled related/analytical title Blood, bones, and body bits.
740 02 - ADDED ENTRY--UNCONTROLLED RELATED/ANALYTICAL TITLE
Uncontrolled related/analytical title Bulging brains.
740 02 - ADDED ENTRY--UNCONTROLLED RELATED/ANALYTICAL TITLE
Uncontrolled related/analytical title Chemical chaos.
740 02 - ADDED ENTRY--UNCONTROLLED RELATED/ANALYTICAL TITLE
Uncontrolled related/analytical title Deadly diseases.
740 02 - ADDED ENTRY--UNCONTROLLED RELATED/ANALYTICAL TITLE
Uncontrolled related/analytical title Disgusting digestion.
740 02 - ADDED ENTRY--UNCONTROLLED RELATED/ANALYTICAL TITLE
Uncontrolled related/analytical title Evolve or die.
740 02 - ADDED ENTRY--UNCONTROLLED RELATED/ANALYTICAL TITLE
Uncontrolled related/analytical title Fatal forces.
740 02 - ADDED ENTRY--UNCONTROLLED RELATED/ANALYTICAL TITLE
Uncontrolled related/analytical title Fight for flight.
740 02 - ADDED ENTRY--UNCONTROLLED RELATED/ANALYTICAL TITLE
Uncontrolled related/analytical title Frightening light.
740 02 - ADDED ENTRY--UNCONTROLLED RELATED/ANALYTICAL TITLE
Uncontrolled related/analytical title Killer energy.
740 02 - ADDED ENTRY--UNCONTROLLED RELATED/ANALYTICAL TITLE
Uncontrolled related/analytical title Microscopic monsters.
740 02 - ADDED ENTRY--UNCONTROLLED RELATED/ANALYTICAL TITLE
Uncontrolled related/analytical title Nasty nature.
740 02 - ADDED ENTRY--UNCONTROLLED RELATED/ANALYTICAL TITLE
Uncontrolled related/analytical title Painful poison.
740 02 - ADDED ENTRY--UNCONTROLLED RELATED/ANALYTICAL TITLE
Uncontrolled related/analytical title Shocking electricity.
740 02 - ADDED ENTRY--UNCONTROLLED RELATED/ANALYTICAL TITLE
Uncontrolled related/analytical title Sounds dreadful.
740 02 - ADDED ENTRY--UNCONTROLLED RELATED/ANALYTICAL TITLE
Uncontrolled related/analytical title Space, stars, and slimy aliens.
740 02 - ADDED ENTRY--UNCONTROLLED RELATED/ANALYTICAL TITLE
Uncontrolled related/analytical title Terrible truth about time.
740 02 - ADDED ENTRY--UNCONTROLLED RELATED/ANALYTICAL TITLE
Uncontrolled related/analytical title Ugly bugs.
740 02 - ADDED ENTRY--UNCONTROLLED RELATED/ANALYTICAL TITLE
Uncontrolled related/analytical title Vicious veg.
906 ## - LOCAL DATA ELEMENT F, LDF (RLIN)
a 7
b cbc
c origres
d 2
e ncip
f 20
g y-gencatlg
942 ## - ADDED ENTRY ELEMENTS (KOHA)
Source of classification or shelving scheme Dewey Decimal Classification
Koha item type Books
Suppress in OPAC No
Holdings
Withdrawn status Lost status Source of classification or shelving scheme Damaged status Not for loan Collection Home library Current library Shelving location Date acquired Total Checkouts Full call number Barcode Date last seen Copy number Price effective from Koha item type Date last checked out
    Dewey Decimal Classification     Non-Fiction Footprints International School Library Network Toul Kork Campus Footprints International School Library Network Toul Kork Campus   09/25/2023   ARN 590 Q180.2 FISTKG3A056 09/25/2023 1 09/25/2023 Books  
    Dewey Decimal Classification     Non-Fiction Footprints International School Library Network Toul Kork Campus Footprints International School Library Network Toul Kork Campus TTP Secondary Non-Fiction Bookshelves 09/25/2023 1 ARN 590 Q180.2 FISSE00011 11/10/2025 2 09/25/2023 Books 10/31/2025
    Dewey Decimal Classification     Non-Fiction Footprints International School Library Network Toul Kork Campus Footprints International School Library Network Toul Kork Campus TTP Secondary Non-Fiction Bookshelves 09/25/2023   ARN 590 Q180.2 FIS01169 11/07/2024 3 09/25/2023 Books